Tepelná inaktivácia beta-galaktozidázy diplomová práca

Na minha lista:
Detalhes bibliográficos
Autor principal: Macho, Jakub
Formato: Livro
Idioma:eslovaco
Publicado em: Bratislava STU FCHPT 2013
Acesso em linha:View in OPAC
Tags: Adicionar Tag
Sem tags, seja o primeiro a adicionar uma tag!

MARC

LEADER 00000nam a2200000 a 4500
005 20260127134227.0
008 130814 2013 000 0 slo d
035 |a vtls010535094 
039 9 |y 201308141109  |z mschk03 
040 |a STUSCHK1  |b slo  |c STUSCHK1  |e AACR2 
100 1 |a Macho, Jakub 
245 1 |a Tepelná inaktivácia beta-galaktozidázy  |b diplomová práca  |c Jakub Macho 
260 |a Bratislava  |b STU FCHPT  |c 2013 
300 |a 44 s.  |b il.,tab.  |c 30 cm 
500 |a Obhájené: 10.06.2013 
500 |a Štud. odbor: Chemické inžinierstvo 
500 |a Škol. pracovisko: Odd. chemického a biochemického inžinierstva 
500 |a Evid. číslo: FCHPT-5433-58147 
910 |a SCHK95 
999 |c 7230  |d 7230